| 000 | 00538nam a2200205 a 4500 | ||
|---|---|---|---|
| 005 | 20210219153132.0 | ||
| 008 | 991125n 000 0 spa u | ||
| 035 | _aUPN01000079576 | ||
| 100 | _aPonce Millan, Zenaida | ||
| 222 | _aPEDAGOGIA CUBANA | ||
| 245 | _aLa formación de actitudes hacia el sexo opuesto | ||
| 300 | _a50-57 | ||
| 362 | _a1990 Año 2, no. 5 ene.-mar. | ||
| 653 | 0 | _aCONDUCTA DE VIDA | |
| 653 | 0 | _aEDUCACION SEXUAL | |
| 653 | 0 | _aETICA | |
| 653 | 0 | _aSEXUALIDAD | |
| 904 |
_aAC _b017387 |
||
| 905 | _aArticulo | ||
| 999 |
_c69112 _d69112 |
||